Náboženství za mřížemi: stále(é) i nestálé /

Hlavní autor: Dirga, Lukáš, 1987-
Další autoři: Váně, Jan, 1976-, Hladík, Ondřej, 1976-, Nedvědický, Kamil, 1977-, Zhřívalová, Petra, 1972-, Raszková, Tereza, Rychlík, Martin, 1977-, Lochmannová, Alena, 1987-, Kolář, Ondřej, 1978-, Mareš, Miroslav, 1974 duben 8.-, Beláňová, Andrea
Jazyk: Čeština
Vydáno: Brno : Lukáš a syn, 2023
Vydání: První vydání
Témata:
Fyzický popis: 223 stran : ilustrace ; 23 cm
Language note: Anglické resumé
Knihy
Uloženo v:
LEADER 03214cam a2200817 i 4500
001 nkc20233564120
003 CZ PrNK
005 20240419080444.0
007 ta
008 231002s2023 xr a e 001 0 cze d
015 |a cnb003564120 
020 |a 978-80-7364-156-6  |q (brožováno) 
035 |a (OCoLC)1416935123 
040 |a KLG001  |b cze  |d ABA001  |e rda 
041 0 |a cze  |b eng 
043 |a e-xr--- 
072 7 |a 343.8  |x Vězeňství  |2 Konspekt  |9 18 
080 |a 343.8-051  |2 MRF 
080 |a 343.81  |2 MRF 
080 |a 2-1  |2 MRF 
080 |a 2-58  |2 MRF 
080 |a 2-4  |2 MRF 
080 |a 27-46  |2 MRF 
080 |a 2-46-733:343.8  |2 MRF 
080 |a 2-725:343.8  |2 MRF 
080 |a (437.3)  |2 MRF 
080 |a (082)  |2 MRF 
100 1 |a Dirga, Lukáš,  |d 1987-  |7 mzk2015878624  |4 aut  |4 edt 
245 1 0 |a Náboženství za mřížemi: stále(é) i nestálé /  |c Lukáš Dirga, Jan Váně a Ondřej Hladík, Kamil Nedvědický, Petra Zhřívalová, Tereza Raszková, Martin Rychlík, Alena Lochmannová, Ondřej Kolář, Miroslav Mareš, Andrea Beláňová 
250 |a První vydání 
264 1 |a Brno :  |b Lukáš a syn,  |c 2023 
300 |a 223 stran :  |b ilustrace ;  |c 23 cm 
336 |a text  |b txt  |2 rdacontent 
337 |a bez média  |b n  |2 rdamedia 
338 |a svazek  |b nc  |2 rdacarrier 
504 |a Obsahuje bibliografii, bibliografické odkazy a rejstřík 
546 |a Anglické resumé 
650 0 7 |a vězni  |7 ph127393  |z Česko  |2 czenas 
650 0 7 |a věznice  |7 ph127394  |z Česko  |2 czenas 
650 0 7 |a religiozita  |7 ph125113  |2 czenas 
650 0 7 |a spiritualita  |7 ph116237  |2 czenas 
650 0 7 |a náboženský život  |7 ph123387  |2 czenas 
650 0 7 |a pastorační péče  |7 ph138508  |2 czenas 
650 0 7 |a duchovní služba ve věznicích  |7 ph898898  |z Česko  |2 czenas 
650 0 7 |a vězeňští duchovní  |7 ph898897  |z Česko  |2 czenas 
650 0 9 |a prisoners  |z Czechia  |2 eczenas 
650 0 9 |a prisons  |z Czechia  |2 eczenas 
650 0 9 |a religiosity  |2 eczenas 
650 0 9 |a spirituality  |2 eczenas 
650 0 9 |a religious life  |2 eczenas 
650 0 9 |a pastoral attention  |2 eczenas 
650 0 9 |a prison pastoral care  |z Czechia  |2 eczenas 
650 0 9 |a prison chaplains  |z Czechia  |2 eczenas 
655 7 |a sborníky  |7 fd163935  |2 czenas 
655 9 |a papers of several authors  |2 eczenas 
700 1 |a Váně, Jan,  |d 1976-  |7 pna2007418548  |4 aut  |4 edt 
700 1 |a Hladík, Ondřej,  |d 1976-  |7 hka2011670675  |4 aut 
700 1 |a Nedvědický, Kamil,  |d 1977-  |7 xx0119312  |4 aut 
700 1 |a Zhřívalová, Petra,  |d 1972-  |7 osa2011673580  |4 aut 
700 1 |a Raszková, Tereza  |7 xx0178442  |4 aut 
700 1 |a Rychlík, Martin,  |d 1977-  |7 mzk2005309156  |4 aut 
700 1 |a Lochmannová, Alena,  |d 1987-  |7 kv2016899013  |4 aut 
700 1 |a Kolář, Ondřej,  |d 1978-  |7 jo2008427131  |4 aut 
700 1 |a Mareš, Miroslav,  |d 1974 duben 8.-  |7 mzk2002102762  |4 aut 
700 1 |a Beláňová, Andrea  |7 xx0252298  |4 aut 
910 2 |a BOA001  |b 2-1519.351 
920 |a 1544764  |z KLG001 
990 |a BK 
995 |a 01 
996 6 |b 2610959392  |c 2-1519.351  |l MZK  |r Sklad / do 1 hodiny  |n 1  |p p.v.  |w 001951032  |u 000010  |a 1  |e BOA001  |j MZK50  |s P 
996 7 |b 2610959393  |c 2-1519.351  |l MZK  |r Sklad / do 1 hodiny  |n 3  |p p.v.  |w 001951032  |u 000020  |a 1  |e BOA001  |j MZK50  |s A